000 00678nam a2200217Ii 4500
003 JO-AjNU
008 230605s9999||||xx |||||||||||||| ||und||
017 _a2008/1280
040 _aJO-AjNU
_bara
_erda
_cJO-AjNU
041 _aara
050 1 4 _aHF1416.Q22.2009
100 3 _aقدو، بديع جميل,
_eauthor
_947797
245 0 0 _aالتسويق الدولي =International marketing
250 _aط1
264 3 1 _aعمان:دار المسيرة للنشر والتوزيع؛2009
300 _a368ص
336 _atext
_btxt
_2rdacontent
337 _aunmediated
_bn
_2rdamedia
338 _avolume
_bnc
_2rdacarrier
650 4 _aالتسويق الدولي
_947798
999 _aA20890
_c24458
_d24458